000 01065cad a22001935a 4500
001 L153772
008 110830s2011 xxk f 000 0 eng d
035 _a(Sirsi) u153772
041 0 _aeng
110 2 _aUnited Kingdom
_bDepartment for Communities and Local Government
_94939
245 0 0 _aCost of building to the Code for Sustainable Homes
_bupdated cost review
_h[electronic resource]
260 _aLondon
_bDCLG
_c2011
520 _aReport shows that building new homes to greener low carbon standards is getting cheaper every year. The research based on interviews with developers and the latest information about environment technologies shows the overall costs of building new homes to standards set in the Code for Sustainable Homes is falling year on year.
590 _aKA NTK
651 4 _aEngland and Wales
_y1543-
690 _aENVIRONMENTAL AND LAND CONSULTANCY-SUSTAINABILITY
856 4 0 _uhttps://www.communities.gov.uk/publications/planningandbuilding/codeupdatedcostreview
_zView the item free of charge at www.communities.gov.uk
942 _n0
999 _c112693
_d112693